banner koha

Resistencia termica de cepas de Staphylococcus aureus em solucao tampao fosfato (pH 7,0)e em leite reconstituido (Registro n. 133321)

MARC details
000 -LÍDER
campo de controle de tamanho fixo 00963nas a2200265 4500
001 - NÚMERO DE CONTROLE
campo de controle BR9203978
003 - IDENTIFICADOR DO NÚMERO DE CONTROLE
campo de controle BR-BrBNA
005 - DATA E HORÁRIO DA ÚLTIMA TRANSAÇÃO
campo de controle 20231205092655.0
007 - CAMPO FIXO DE DESCRIÇÃO FÍSICA--INFORMAÇÃO GERAL
campo de controle de tamanho fixo ta
008 - CAMPO DE DADOS FIXOS--INFORMAÇÃO GERAL
campo de controle de tamanho fixo 230509b bl.|||p| |||| 00| 00por d
040 ## - FONTE DA CATALOGAÇÃO
Instituição da catalogação original BR-BrBNA
Idioma da catalogação por
Instituição que transcreveu o registro Biblioteca Nacional de Agricultura
041 ## - CÓDIGO DE IDIOMA
Código do idioma do texto/trilha sonora ou título diferente (Pt)
072 ## - CÓDIGO DE CATEGORIA DE ASSUNTO
Código de Categoria de Assunto Q03
100 1# - ENTRADA PRINCIPAL--NOME PESSOAL
Nome pessoal Machoshvili, I.A.
100 1# - ENTRADA PRINCIPAL--NOME PESSOAL
Nome pessoal Penna, T.C.V.
100 1# - ENTRADA PRINCIPAL--NOME PESSOAL
Nome pessoal Colombo, A.J.
245 1# - TÍTULO
Título Resistencia termica de cepas de Staphylococcus aureus em solucao tampao fosfato (pH 7,0)e em leite reconstituido
246 1# - FORMA VARIANTE DO TÍTULO
Título/título abreviado Thermal inactivation studies on Staphylococcus aureus strains in potassium phosphate solution at pH 7,0 and in reconstituted milk
650 ## - ASSUNTO--TERMO TÓPICO
Cabeçalho tópico ou nome geográfico LEITE RECONSTITUIDO
650 ## - ASSUNTO--TERMO TÓPICO
Cabeçalho tópico ou nome geográfico BACTERIA
650 ## - ASSUNTO--TERMO TÓPICO
Cabeçalho tópico ou nome geográfico RESISTENCIA A TEMPERATURA
773 0# - ENTRADA ANALÍTICA
Título Revista de Microbiologia (Brazil)
ISSN - International Standard Serial Number ISSN 0001-3714
Partes relacionadas (Oct-Dec 1991), v. 22(4) p. 323-329
Número de controle do registro BR9203978
909 ## -
-- 202311
-- Lúcia
-- 55
-- Lúcia Elande
942 ## - ELEMENTOS DE ENTRADA ADICIONADOS (KOHA)
Fonte da classificação ou esquema de arquivamento na estante Classificação AGRIS
Ocultar no OPAC Não
Tipo de material Koha Analítica
Exemplares
Situação do descarte Fonte da classificação ou esquema de arquivamento na estante Situação física Não pode ser emprestado Biblioteca de origem Biblioteca atual Localização na estante Enumeração do periódico / cronologia Total de empréstimos Data de último acesso Número do exemplar Tipo de material Koha Fonte de aquisição
  Classificação AGRIS   Consulta local Biblioteca Nacional de Agricultura - Binagri Biblioteca Nacional de Agricultura - Binagri   (Oct-Dec 1991), v. 22(4) p. 323-329   29/11/2023 01 Periódicos Portaria Interministerial nº 164/94

BINAGRI

Telefone: (61)3218-2567/2388/3357/2097 - binagri@agro.gov.br

Ministério da Agricultura e Pecuária , Esplanada dos Ministérios, Bloco D, Anexo B, Brasília/DF, CEP: 70.043-900